00433pab a2200157 454500008004000000100001400040245009100054260000900145300001500154362000800169650001200177650001300189700002100202700002100223773003100244180718b2014 xxu||||| |||| 00| 0 eng d aKok, Nils aLand use regulations and the value of land and housing: An intra-metropolitan analysis c2014 ap.136-148. aMay aHousing aLand use aQuigley, John M. aMonkkonen, Paavo aJournal of Urban Economics